| 000 | 00520nam a2200181 a 4500 | ||
|---|---|---|---|
| 005 | 20140310183413.0 | ||
| 008 | 070914s19uu xx 00 eng d | ||
| 020 | _a0-07-145961-8 | ||
| 050 |
_aHF 5657.4 _b.B459 2006 |
||
| 100 | _aBerry, Leonard Eugene | ||
| 245 |
_aManagement accounting demystified./ _bLeonard Eugene Berry. |
||
| 260 |
_aNew York : _bMcgraw-Hill, Inc, _c2006. |
||
| 300 |
_axx, 411 p. : _c20 cm. |
||
| 521 | _aBSA | ||
| 650 |
_aManagement _xAccounting. |
||
| 942 |
_cBK _2lcc _kFOR |
||
| 999 |
_c22527 _d22527 |
||